Lập trình C++ thế nào?; T2
保存先:
| 第一著者: | |
|---|---|
| フォーマット: | 図書 |
| 言語: | Undetermined |
| 出版事項: |
Hà Nội
Thống Kê
1996
|
| 主題: | |
| タグ: |
タグ追加
タグなし, このレコードへの初めてのタグを付けませんか!
|
| Thư viện lưu trữ: | Trung tâm Học liệu Trường Đại học Cần Thơ |
|---|
| LEADER | 00550nam a2200193Ia 4500 | ||
|---|---|---|---|
| 001 | CTU_28668 | ||
| 008 | 210402s9999 xx 000 0 und d | ||
| 020 | |b 45.000đ | ||
| 082 | |a 005.133 | ||
| 082 | |b Gi108/T2 | ||
| 100 | |a Hoàng Ngọc Giao | ||
| 245 | 0 | |a Lập trình C++ thế nào?; T2 | |
| 245 | 0 | |c Hoàng Ngọc Giao, SAMIS | |
| 260 | |a Hà Nội | ||
| 260 | |b Thống Kê | ||
| 260 | |c 1996 | ||
| 650 | |a c ( computer program language ) | ||
| 904 | |i Minh, 990225 | ||
| 980 | |a Trung tâm Học liệu Trường Đại học Cần Thơ | ||